000 00461nam a2200181Ia 4500
008 210210b2009 xxu||||| |||| 00| 0 eng d
020 _a9788132100782
041 _aeng
082 _a150.76 CHAA
100 _aCHADHA (Narender Kumar)
245 _aApplied psychometry
260 _aNew Delhi
_bSage Publications India Pvt. Limited.
_c2009
300 _axiii,362
650 _apsychometry
650 _aApplied
690 _aPsychology
906 _a064750
999 _c141703
_d141703